Tilastot visalle Guinea-Bissauta lähimpänä olevat maat - minuutin sprintti

Klikkaa tästä pelataksesi tätä visaa!

Yleistilastot

  • Tätä visaa on pelattu 5 kertaa
  • Keskiarvotulos 11 / 20

Vastaustilastot

kmmaa% Oikein
1586Benin
80%
900Burkina Faso
80%
637Côte d'Ivoire
80%
61Gambia
80%
0Guinea
80%
519Liberia
80%
208Mali
80%
280Mauritania
80%
1511Niger
80%
0Senegal
80%
1188Ghana
60%
1832Nigeria
60%
249Sierra Leone
60%
1479Togo
60%
1668Marokko
40%
1657Algeria
20%
758Cabo Verde
20%
1674Espanja
0%
921Länsi-Sahara
0%
2225Portugali
0%

Tulosjakauma

Persentiili vastausten määrän mukaan

Jokaisen tuloksen saaneiden osuus

Tuloshistoriasi

Et ole pelannut tätä visaa